Josef Berg

Titel: Josef Berg : [skladatel mezi hudbou, literaturou a divadlem] / Miloš Štědroň
Verfasser:
Ausgabe: Vyd. 1.
Veröffentlicht: V Brně : Masarykova Univerzita, 1992
Umfang: 187 S. : zahlr. Notenbeisp.
Format: Buch
Sprache: Tschechisch
Schriftenreihe/
mehrbändiges Werk:
Opera Universitatis Masarykianae Brunensis, Facultas Philosophica ; 294
Schlagworte:
ISBN: 8021005432
Buchumschlag
X
Lokale Klassifikation: 2 B 1865 ; 22 9 H
alg: 2892513
001A    $03004:13-04-94 
001B    $01999:28-04-23 $t21:10:42.000 
001C    $03004:19-02-10 $t11:15:57.000 
001D    $09999:99-99-99 
001U    $0utf8 
001X    $00 
002@    $0Aau 
003@    $0028925130 
003O    $0456105407 $aOCoLC 
004A    $080-210-0543-2 
007A    $0028925130 $aHEB 
007T    $0Herdhh028925130 
010@    $acze 
011@    $a1992 
013H    $0h 
015@    $0W 
021A    $aJosef Berg $d[skladatel mezi hudbou, literaturou a divadlem] $hMiloš Štědroň 
028A    $#Štědroň, Miloš sen. $713475557X $8Štědroň, Miloš$Z1942- [Tp1] $9200718363 
032@    $aVyd. 1. 
033A    $pV Brně $nMasarykova Univerzita 
034D    $a187 S. 
034M    $azahlr. Notenbeisp. 
036E    $a@Opera Universitatis Masarykianae Brunensis, Facultas Philosophica $l294 
036F    $x3294 $8Opera Facultatis Philosophicae Universitatis Masarykianae $9022313621 $l294 
044K    $7118898183 $8Berg, Josef$Z1927-1971 [Tp1] $9087238594 
045F    $a780.9437 $eDDC23BSB 
045F/01 $a780 
045F/03 $g437 
045G    $a792.094371 $eDDC23BSB 
045G/01 $a792 
045G/03 $g4371 
045G/03 $g4373 
046M    $aWerkverz. S. 177 - 180. - Literaturverz. S. 181 - 187 

lok: 2892513 24
101B    $004-12-02 $t11:06:50.362 
145Z/01 $a2 B 1865 
145Z/02 $a22 9 H 
101U    $0utf8 

exp: 2892513 24 1 #EPN
201B/01 $015-03-12 $t11:01:27.000 
201U/01 $0utf8 
203@/01 $0086469460 
208@/01 $a13-04-94 $bh 
209A/01 $a2 B 1865 $du $f050 $h2 B 1865 $x00 
209C/01 $aT 93.1519 $h93 1519 T 
209G/01 $a70519682 $x00 
244Z/01 $7118898183 $8--Tp1--Berg, Josef$Z1927-1971 $x01 $9087238594 
247C/01 $8358050-7 Marburg, Bibliothek des Herder-Instituts Marburg $9102600961 

lok: 2892513 25
101B    $002-08-95 $t07:10:23.416 
107F    $0076529401 
101U    $0utf8 

exp: 2892513 25 1 #EPN
201B/01 $030-12-25 $t15:35:44.000 
201U/01 $0utf8 
203@/01 $007652941X 
208@/01 $a05-08-04 $br 
209A/01 $aE be 759 $dd $f091 $x00 
209C/01 $a94 B 123 
209G/01 $a77954940 $x00 
209G/01 $aMusikwissenschaft $x01 
247C/01 $8651091-7 <77/091>Mainz, Universität Mainz, Zentralbibliothek, Standort Musikwissenschaft $9102600406 

lok: 2892513 78

exp: 2892513 78 1 #EPN
201B/01 $025-11-17 $t22:50:34.000 
201U/01 $0utf8 
203@/01 $079406891X 
208@/01 $a12-11-16 $be 
209A/01 $a/ $f000 $x00 
237A/01 $aweiterführende Signatur(en): Herder-Institut: 2 B 1865 
244Z/01 $#Tschechien $#Tschechische Republik $#Tschechien $#Tschechische Republik $#Tschechenland $#Tschechei Tschechien $#Česká Republika $#Czech Republic $#ČR $74303381-7 $8--Tg1--Tschechien $x01 $9086659812 
244Z/01 $2Trx $#Böhmen $#Bohemia $#Czechy $8--Trx--Čechy $x02 $9391188941 
244Z/01 $2Trx $#Slowakische Republik $#Szlovák Köztársaság $#Republika Słowacka $#Slovenská Republika $#Slovensko $#Slowakei $#Słowacja $#Slovensko $8--Trx--Slovenská Republika $x03 $9391345796 
244Z/01 $2Trx $8--Trx--Monographie $x04 $9391384546 
245Z/01 $a11.12 $x01 
247C/01 $82080>Marburg/Lahn, Herder-Institut, Forschungsbibliothek, Bibliographieportal $9336309341 

lok: 2892513 204
101B    $004-10-95 $t21:00:50.889 
107F    $0002797356 
145S/01 $a91000 
145Z/01 $a91 Berg, Josef 66 
101U    $0utf8 

exp: 2892513 204 1 #EPN
201B/01 $029-01-02 $t14:47:55.859 
203@/01 $0002797364 
208@/01 $a29-07-94 $bh 
209A/01 $aSS 70/2-294 $du $f000 $hSS 70 2 / B 294 $x00 
209G/01 $a13354278 $x00 
245S/01 $a91000 $x01 
247C/01 $8631000-x <26>Gießen, Universität Gießen, Universitätsbibliothek Gießen $9102596697 
201U/01 $0utf8
LEADER 00000cam a2200000 c 4500
001 028925130
003 DE-603
005 20230428211042.0
007 tu
008 940413s1992 xx |||| | u00||u|cze c
020 |a 8021005432 
035 |a (DE-599)HEB028925130 
035 |a (OCoLC)456105407 
040 |a DE-603  |b ger  |c DE-603  |d DE-603 
041 |a cze 
082 0 4 |8 1\u  |a 780.9437  |q DE-101  |2 23/BSB 
083 0 |8 2\u  |a 792.094371  |q DE-101  |2 23/BSB 
085 |8 1\u  |b 780 
085 |8 1\u  |z 2  |s 437 
085 |8 2\u  |b 792 
085 |8 2\u  |z 2  |s 4371 
085 |8 2\u  |z 2  |s 4373 
100 1 |a Štědroň, Miloš  |d 1942-  |0 (DE-603)200718363  |0 (DE-588)13475557X  |2 gnd 
245 0 0 |a Josef Berg  |b [skladatel mezi hudbou, literaturou a divadlem]  |c Miloš Štědroň 
250 |a Vyd. 1. 
264 1 |a V Brně  |b Masarykova Univerzita  |c 1992 
300 |a 187 S.  |b zahlr. Notenbeisp. 
490 1 |a Opera Universitatis Masarykianae Brunensis, Facultas Philosophica  |v 294 
500 |a Werkverz. S. 177 - 180. - Literaturverz. S. 181 - 187 
600 1 7 |a Berg, Josef  |d 1927-1971  |0 (DE-588)118898183  |0 (DE-603)087238594  |2 gnd 
810 2 2 |a Masarykova Univerzita  |b Filozofická Fakulta  |t Opera Facultatis Philosophicae Universitatis Masarykianae  |v 294  |w (DE-603)022313621  |w (DE-600)914683-0  |9 3294  |7 as 
924 0 |9 Mb 50  |a (DE-603)086469460  |b DE-Mb50  |c HES  |d c  |g 2 B 1865 
924 0 |9 77/091  |a (DE-603)07652941X  |b DE-77-091  |c HES  |d d  |g E be 759 
924 0 |9 2080  |a (DE-603)79406891X  |b DE-2080  |c HES  |d d  |g / 
924 0 |9 26  |a (DE-603)002797364  |b DE-26  |c HES  |d c  |g SS 70/2-294